000 00485nam a2200193Ia 4500
005 20240823024104.0
008 240823s9999||||xx |||||||||||||| ||und||
020 _a978-81-0049-0
041 _aENGLISH
082 _A620.11 P9
100 _aMichael F Ashby
245 0 _aMaterials Selection in Mechanical Design
250 _a3rd
260 _c2009
_b"Butterworth Heinenann,Burli"
500 _aYES
650 _aMaterials Science
_bMechanical
942 _cBK
999 _c183089
_d183089